MDQL
is popping MORE tags! Check the
thread
!
Quizzes
Events
Quiz Creation
Community
Videos
Private Events
Remove Ads
Sign In
Join for FREE
Feedback
Dark Mode
Quiz Categories
Sports
Geography
Music
Movies
Television
Just For Fun
Miscellaneous
History
Literature
Language
Science
Gaming
Entertainment
Religion
Holiday
For Kids
Quiz Lab
Recent
Popular Today
Quiz Kudos Today
Editor Picks
Curator Picks
Quizzes by...
Day
Popularity
Type
Ratings
Length
Year
Community
Subscriptions
Recent Discussions
Orange Saloon
Badges
Playlists
Quests
Create
Leaderboards
Showdown
Live 5
Trivia Bingo
Activity
Puzzle Library
Sporcle Events
Private Events
Virtual Trivia
Globe League
Become a Host
Pub Owners
SporcleCon
Opinionation
Our Games
Videos
Blog
Mobile Apps
Partnerships
Remove Ads and Go Orange
Feedback
Gaming
Video Games
Board Games
Card Games
Pokémon
Mario
Nintendo
Minecraft
Console
Toys
Legend of Zelda
Gaming
Video Games
Board Games
Card Games
Pokémon
Mario
Nintendo
Minecraft
Console
Toys
Legend of Zelda
Random Quiz
Search Sporcle
×
Quiz Lab
Quiz Lab
Gaming
Board Games
Type in answers that appear in a list
Type in answers that appear in a list
Classic
Best Score? Go Orange.
Halo levels Stats
Can you name the Halo levels?
By
Stargamer96
7m
35 Questions
470 Plays
470 Plays
470 Plays
Comments
Comments
Give Quiz Kudos
Give Quiz Kudos
-
- Ratings
hide this ad
Replay
Link that replays current quiz
Next Quiz
Link to next quiz in quiz playlist
You Got
0%
They Got
Avg Score
63%
Avg Friend Score
Upgrade to see
Score Distribution
Jump to the score distribution portion of the page
Score
0/35
Timer
07:00
0
Plays Today
Games
Levels
% Correct
Halo 1
Halo
95.3%
Halo 3
Halo
95.3%
Halo 1
The Pillar of Autumn
90.2%
Halo 1
The Library
85.7%
Halo 1
The Maw
85.1%
Halo 1
The Silent Cartographer
83.2%
Halo 1
The Truth and Reconciliation
81.4%
Halo 1
Keyes
79.5%
Halo 1
343 Guilty Spark
78.7%
Halo 1
Assault on the Control Room
78%
Halo 1
Two Betrayals
74.6%
Halo 3
Cortana
72.1%
Halo 3
The Ark
65.9%
Halo 3
Sierra 117
64%
Halo 3
The Covenant
63.8%
Halo 2
The Arbiter
62%
Halo 2
Delta Halo
61.8%
Halo 2 (Video)
The Heretic
60.8%
Games
Levels
% Correct
Halo 3
Crow's Nest
58.2%
Halo 2
Gravemind
58%
Halo 3
Floodgate
56.5%
Halo 2
Regret
56.3%
Halo 3
Tsavo Highway
55%
Halo 2
High Charity
54.6%
Halo 3
The Storm
53.3%
Halo 2
MetroPolis
52%
Halo 2
The Great Journey
50.7%
Halo 2
OutSkirts
50.5%
Halo 2 (Tutorial)
Armory
48%
Halo 3 (Tutorial)
Arrival
47.8%
Halo 2
Quarantine Zone
44.6%
Halo 2
Oracle
42.9%
Halo 2
Sacred Icon
42.6%
Halo 2
Uprising
38%
Halo 2
Cario Station
20%
Quiz Playlist
Details
Report
Send in Message
Add To Playlist
Classic:
Type in answers that appear in a list
Last Updated: Feb 16, 2017
Quiz Scoreboard
CHALLENGE
Sign Up to Join the Scoreboard
Show All
Scores
Hide
Comments
May contain spoilers
Recently Published
Image Sorting: Flags VI
by Barbecue
Geography
2m
Find the 'City' Movie
by crazypaving
Movies
60s
Colored Red Africa Blitz
by spor1
Geography
45s
More to Explore
Quiz From the Vault
Featured Blog Post
14 Easter Pick-up Lines to Find Eggs With
hide this ad
You Might Also Like...
Tags
Board Games Quiz
halo
Level
Today's Top Quizzes in Gaming
Browse Gaming
hide this ad
Today's Top Quizzes in Board Games
Browse Board Games
Top Contributed Quizzes in Gaming
1
League of Legends Pro Players by Career/Team History
2
Destiny 2 exotic weapons by perk icons
3
Genshin murder mystery
4
Dead By Daylight Logic Puzzle
5
Genshin Impact Logic Puzzle
6
Valorant Agent Developer Names (Up to Clove)
7
Overwatch 2: Ultimate Ability Icons
8
4x4 Decades: Video Games
9
Who's on the WWE 2K24 Cover?
10
Undertale Logic Puzzle
Explore More
Trending Topics
Marvel
Anime
NBA
Crossword
Harry Potter
Disney
Kpop
Song
Country
Pokémon
The Office
WWE
Puzzle
NFL
Soccer
hide this ad
More By:
Stargamer96
Quiz
Plays
Rating
Category
Featured
Created
Names of Final Fantasy X Characters
2,243
2.19
Gaming
Sep 24, 2009
Naruto Characters
1,685
2.00
Television
Dec 6, 2009
Nickelodeon Cartoons
1,389
2.14
Television
Oct 5, 2009
Super Mario Galaxy Bosses
1,182
2.50
Gaming
Oct 10, 2009
Arthur Characters
1,128
3.33
Television
Oct 12, 2009
Go to Creator's Profile
Score Distribution
Quiz Creator Spotlight
Stargamer96
Follow
Send a Message
Quizzes Created
-
Created Quiz Play Count
-
More By This Creator
Popular Quizzes Today
1
Colored Red Africa Blitz
2
Find the US States - No Outlines Minefield
3
Find the 'City' Movie
4
5x2 Blitz: Bands
5
The Countries of the World
6
Find the US States
7
Find the Countries of Europe - No Outlines Minefield
8
US States
More Gaming Quizzes
Gotta Draw 'em All! 2
Editor's Pick
Trending Quizzes
Colored Red Europe Blitz I
Colored Red Europe Blitz II
Colored Red Africa Blitz II
Colored Red Europe Blitz III
Colored Red Africa Blitz III
Recently Updated
How Do You Spell That?
pecheneg
Godzilla Movies
pecheneg
Grab Bag: 4-10 Letters
pecheneg
2024 March Madness Bracket
pecheneg
Famous TV Couples
Peacemaker
Champions League XIs: Real Madrid
pecheneg
Largest US Cities 1790-2010
pecheneg
Rides in Walt Disney World
pecheneg
Most Oscar Losses (Acting)
pecheneg
Beyoncé Albums
pecheneg
Trending Topics
Harry Potter
Anime
NBA
Crossword
Kpop
Marvel
Disney
WWE
NFL
Song
Pokémon
Soccer
Puzzle
Country
The Office
Your Account Isn't Verified!
In order to create a playlist on Sporcle, you need to verify the email address you used during registration. Go to your
Sporcle Settings
to finish the process.
Report this User
Report this user for behavior that violates our
Community Guidelines
.
Details:
Send Report
Go to the Sporcle.com Mobile Site →
Comments